Methods in Arabidopsis research (Record no. 40585)

MARC details
000 -LEADER
fixed length control field 00424nam a2200169Ia 4500
082 ## - DEWEY DECIMAL CLASSIFICATION NUMBER
Classification number 575:631.523
Item number KON
100 ## - MAIN ENTRY--AUTHOR NAME
Personal name Koncz, C Saba
245 #0 - TITLE STATEMENT
Title Methods in Arabidopsis research
260 ## - PUBLICATION, DISTRIBUTION, ETC. (IMPRINT)
Place of publication London
Name of publisher World Scientific
Year of publication 1992
650 ## - SUBJECT ADDED ENTRY--TOPICAL TERM
Topical Term Gel electrophoresis
650 ## - SUBJECT ADDED ENTRY--TOPICAL TERM
Topical Term Gene isolation
650 ## - SUBJECT ADDED ENTRY--TOPICAL TERM
Topical Term Genome mapping
650 ## - SUBJECT ADDED ENTRY--TOPICAL TERM
Topical Term PCR
650 ## - SUBJECT ADDED ENTRY--TOPICAL TERM
Topical Term RAPD
942 ## - ADDED ENTRY ELEMENTS (KOHA)
Koha item type Books
Holdings
Withdrawn status Lost status Damaged status Not for loan Home library Current library Date acquired Cost, normal purchase price Full call number Accession Number Koha item type
        RRII Library RRII Library 16/12/2021 34.00 575:631.523 KON 20883 Books